Сочинения: В 2 т.; Т.1. Историческая проза

Detaylı Bibliyografya
Yazar: Салиас Е. А. Евгений Андреевич
Diğer Yazarlar: Беляев Ю. (автор предисловия), Клодт Г. А. (иллюстратор)
Dil:Rusça
Baskı/Yayın Bilgisi: Москва, Художественная литература, 1991
Konular:
Materyal Türü: Kitap
KOHA link:https://koha.lib.tpu.ru/cgi-bin/koha/opac-detail.pl?biblionumber=119153

MARC

LEADER 00000nam0a2200000 4500
001 119153
005 20231031124435.0
010 |a 5280015466 
020 |a RU  |b 91-40110 
035 |a (RuTPU)RU\TPU\book\128935 
090 |a 119153 
100 |a 20070625d1991 m y0rusy5003 ca 
101 0 |a rus 
102 |a RU 
105 |a a z 000ay 
200 1 |a Сочинения  |e В 2 т.  |h Т.1. Историческая проза  |f Е. А. Салиас  |g авт. предисл., сост. и коммент. Ю. Беляев; худож. Г. А. Клодт 
210 |a Москва  |c Художественная литература  |d 1991 
215 |d 21 см  |a 543 с.  |c ил. 
610 1 |a Россия 
610 1 |a исторические повести 
610 1 |a исторические рассказы 
610 1 |a 18 век 
675 |a Р1  |z rus  |v 3 
700 1 |a Салиас  |b Е. А.  |g Евгений Андреевич  |4 070 
702 1 |a Беляев  |b Ю.  |4 080 
702 1 |a Клодт  |b Г. А.  |4 440 
801 0 |a RU  |b RuMRKP  |c 19950417  |g psbo 
801 1 |a RU  |b 63413507  |c 20070625  |g PSBO 
801 2 |a RU  |b 63413507  |c 20070914  |g PSBO 
942 |c BK